<?xml version="1.0" encoding="UTF-8"?>
<collection xmlns:xsi="http://www.w3.org/2001/XMLSchema-instance" xsi:schemaLocation="http://www.loc.gov/MARC21/slim http://www.loc.gov/standards/marcxml/schema/MARC21slim.xsd" xmlns="http://www.loc.gov/MARC21/slim">
 <record>
  <leader>00000ctm a22000004a 4500</leader>
  <controlfield tag="001">UP-99796217607612168</controlfield>
  <controlfield tag="003">Buklod</controlfield>
  <controlfield tag="005">20230503092542.0</controlfield>
  <controlfield tag="006">m    |o  d |      </controlfield>
  <controlfield tag="007">ta</controlfield>
  <controlfield tag="008">080210s        xx     d     r    |||| u|</controlfield>
  <datafield tag="035" ind1=" " ind2=" ">
   <subfield code="a">(iLib)UPD-00000485560</subfield>
  </datafield>
  <datafield tag="040" ind1=" " ind2=" ">
   <subfield code="a">DML</subfield>
  </datafield>
  <datafield tag="041" ind1=" " ind2=" ">
   <subfield code="a">eng</subfield>
  </datafield>
  <datafield tag="042" ind1=" " ind2=" ">
   <subfield code="a">DMLUC</subfield>
  </datafield>
  <datafield tag="090" ind1=" " ind2=" ">
   <subfield code="a">LG 995 2001 E64</subfield>
   <subfield code="b">C43</subfield>
  </datafield>
  <datafield tag="100" ind1="1" ind2=" ">
   <subfield code="a">Chainani, Edward Torres</subfield>
  </datafield>
  <datafield tag="245" ind1="1" ind2="0">
   <subfield code="a">Application of linear prediction and rapid acquisition to nuclear magnetic resonance</subfield>
   <subfield code="c">by Edward Torres Chainani.</subfield>
  </datafield>
  <datafield tag="264" ind1=" " ind2="1">
   <subfield code="c">2001.</subfield>
  </datafield>
  <datafield tag="300" ind1=" " ind2=" ">
   <subfield code="a">xii, 115 leaves</subfield>
   <subfield code="b">ill.</subfield>
  </datafield>
  <datafield tag="502" ind1=" " ind2=" ">
   <subfield code="a">Thesis (M.S. Electrical Engineering)--University of the Philippines, Diliman.</subfield>
  </datafield>
  <datafield tag="520" ind1=" " ind2=" ">
   <subfield code="a">In pulsed nuclear magnetic resonance (NMR) spectroscopy, information is obtained by perturbing the nucleus from its equilibrium position and acquiring the transient response. Fourier transformation is then used in data processing of the signals due to its rapid computation of the NMR spectrum. To  obtain good signal-to-noise ratio, it is common practice to average many transients. To obtain good resolution, lengthier acquisition times are favored. For insensitive nuclei where thousands of collected transients are necessary, this is a time-consuming procedure, especially if the nuclear relaxation time constant is in the order of seconds or minutes. A faster acquisition method is proposed in this thesis, The proposed method acquires signals more rapidly than by conventional acquisition methods; however, the signals are truncated. This method is based on Driven-Equilibrium Fourier Transform (DEFT) in which the nuclei, once perturbed, are immediately returned to equilibrium. In processing truncated data, the shortcomings of the Fourier transform must be overcome by alternative spectral estimation methods. An alternative processing method - linear prediction (LP) - is sought to reconstruct the spectrum from the incomplete time-domain magnetic resonance data. The LP method fits the NMR model function consisting of exponentially damped sinusoids with arbitrary frequency, amplitude, damping factors and phases to the data. The fitting can be carried out by a linear least-squares (LS) procedure, and thus does not require starting values, unlike some methods. By using singular value decomposition (SVD) as the basis of the LS procedure, it is possible to distinguish between probable signal components and noise. By using backward linear prediction, the method is insensitive to truncation at the end of the signal, and renders the missing portion unnecessary. Unlike Fourier transformation (FT), truncated data in LP does not necessarily lead to loss of frequency resolution. The LP method's application to truncated, fast acquisition of data based on the DEFT pulse sequence is discussed in detail. This combination of methods is a novel way of acquiring and processing NMR spectroscopic data.</subfield>
  </datafield>
  <datafield tag="650" ind1=" " ind2="0">
   <subfield code="a">Nuclear magnetic resonance spectroscopy</subfield>
   <subfield code="x">Linear programming.</subfield>
  </datafield>
  <datafield tag="650" ind1=" " ind2="0">
   <subfield code="a">Prediction theory.</subfield>
  </datafield>
  <datafield tag="650" ind1=" " ind2="0">
   <subfield code="a">Fourier transformations.</subfield>
  </datafield>
  <datafield tag="842" ind1=" " ind2=" ">
   <subfield code="a">Thesis</subfield>
  </datafield>
  <datafield tag="905" ind1=" " ind2=" ">
   <subfield code="a">FI</subfield>
  </datafield>
  <datafield tag="905" ind1=" " ind2=" ">
   <subfield code="a">UP</subfield>
  </datafield>
  <datafield tag="852" ind1="0" ind2=" ">
   <subfield code="a">UPD</subfield>
   <subfield code="b">DARCHIVES</subfield>
   <subfield code="h">LG 995 2001 E64</subfield>
   <subfield code="i">C43</subfield>
  </datafield>
  <datafield tag="852" ind1="0" ind2=" ">
   <subfield code="a">UPD</subfield>
   <subfield code="b">DENG-II</subfield>
   <subfield code="h">LG 995 2001 E64</subfield>
   <subfield code="i">C43</subfield>
  </datafield>
  <datafield tag="942" ind1=" " ind2=" ">
   <subfield code="a">Thesis</subfield>
  </datafield>
 </record>
</collection>
